Odmietané potraviny

Geneticky modifikované potraviny, ich označovanie. Postoj spotrebiteľa ku geneticky upravovaným potravinám v Čechách, v Maďarsku, v Poľsku a na Slovensku. Definovanie geneticky modifikovaných organizmov GMO. Prínosy geneticky upravených potravín.

Na minha lista:
Detalhes bibliográficos
Autor principal: Košťál, Daniel
Formato: Capítulo de Livro
Idioma:eslovaco
Assuntos:
Tags: Adicionar Tag
Sem tags, seja o primeiro a adicionar uma tag!

MARC

LEADER 00000naa a2200000 4500
001 r047676
005 20231004094420.4
041 0 |a slo 
044 |a SK 
245 1 0 |a Odmietané potraviny  |c Daniel Košťál 
520 |a Geneticky modifikované potraviny, ich označovanie. Postoj spotrebiteľa ku geneticky upravovaným potravinám v Čechách, v Maďarsku, v Poľsku a na Slovensku. Definovanie geneticky modifikovaných organizmov GMO. Prínosy geneticky upravených potravín. 
610 2 0 |a potraviny modifikované geneticky 
610 2 0 |a dozor potravinový 
610 2 0 |a spotrebitelia 
610 2 0 |a porovnanie medzinárodné 
100 1 |a Košťál, Daniel